Herramientas para enseñar a leer y producir en medios digitales

Uloženo v:
Podrobná bibliografie
Hlavní autoři: Perelman, Flora (Autor), Estévez, Vanina (Autor)
Médium: Kniha
Jazyk:španělština
Vydáno: Buenos Aires Aique 2014
Vydání:1a. ed
Edice:Aique Educación
Témata:
Tagy: Přidat tag
Žádné tagy, Buďte první, kdo vytvoří štítek k tomuto záznamu!

MARC

LEADER 00000cam a2200000 a 4500
001 UCD6229
003 CL-VaPUC
008 161124e20140000ag |||||||||||||||||spa|d
020 |a 9789870606352 
082 0 4 |a 371.307  |b PER  |2 21 
100 0 |a Perelman, Flora  |e author  |9 589965 
700 0 |a Estévez, Vanina  |e author  |9 589966 
245 1 0 |a Herramientas para enseñar a leer y producir en medios digitales 
250 |a 1a. ed 
300 |a 128 p 
942 |c BK 
945 |d 20161124 22:47:00  |a dcastane 
260 |a Buenos Aires  |b Aique  |c 2014 
650 0 |a Tecnología de la información   |9 254825 
650 0 |a Política educacional  |9 308011 
650 0 |a Métodos de enseñanza  |9 270413 
583 |a last modification  |c 20161124 22:47:00  |k Rodrigo Vera 
490 0 |a Aique Educación 
999 |c 366589  |d 366587